|
|
|
|
| LEADER |
00000nam a22000007a 4500 |
| 005 |
20130612175146.0 |
| 007 |
cr|||| |||| |
| 008 |
130612e1988 sz |||||s|||| 00||0 eng d |
| 020 |
|
|
|a 92-2-106122-1
|
| 035 |
|
|
|a 11295
|
| 040 |
|
|
|a vLex
|
| 090 |
|
|
|c 4326
|d 4326
|
| 245 |
0 |
0 |
|a Safety, health and working conditions in the transfer of technology to developing countries
|h [Recurso electrn̤ico]
|
| 256 |
|
|
|a Servicio en ln̕ea
|
| 260 |
|
|
|a Geneva :
|b International Labour Organization, represented by the International Labour Office (ILO),
|c 1988
|
| 300 |
|
|
|a 1 Recurso electrn̤ico
|
| 506 |
|
|
|a Contenido solo disponible en los productos indicados
|d vLex Global
|d vLex Global (Academic Edition, excluding Law Schools)
|d vLex Global (U.S. Academic Edition, Law Schools)
|d vLex Global (U.S. Academic Edition, excluding Law Schools)
|d vLex Global (Academic Edition, Law Schools)
|
| 650 |
|
4 |
|a Derecho laboral y Seguridad Social
|
| 650 |
|
4 |
|a Seguridad y Salud Laboral
|
| 650 |
|
4 |
|a Pas̕es en va̕s de desarrollo
|
| 740 |
|
|
|a vLex Libros (Servicio en ln̕ea)
|
| 856 |
|
|
|a Acceso restringido
|u http://www.vlex.com/source/11295
|
| 942 |
|
|
|c BOOK
|
| 999 |
|
0 |
|a Labor laws and legislation
|